| 000 | 00596nam a2200133Ia 4500 | ||
|---|---|---|---|
| 008 | 170516s9999 xx 000 0 und d | ||
| 245 | _aUsefulness of Whole-Body Fluorine-18-Fluorodeoxyglucose Positron Emission Tomography in Patients with Neurofibromatosis Type 1: A Systematic Review, Giorgio Treglia, Silvia Taralli, Francesco Bertagna, Marco Salsano, Barbara Muoio, Pierluigi Novellis, Mar | ||
| 260 | _bRadiology Research and Practice | ||
| 260 | _c2012 | ||
| 300 | _a: | ||
| 650 | _xRadiologic Technology | ||
| 650 | _xRadtech | ||
| 856 | _uhttps://www.hindawi.com/journals/rrp/contents/4/ | ||
| 999 |
_c332972 _d332972 |
||